| 000 | 00339 a2200109 4500 | ||
|---|---|---|---|
| 001 | ART_8389 | ||
| 005 | 20260410161640.0 | ||
| 008 | 260409a | ||
| 245 | 1 | 0 | _aAmortizaciones de bienes de uso. El factor obsolescencia |
| 100 | 1 | _aBechara, Fabián | |
| 773 | 0 |
_tConsultor tributario _g- Vol. 3, Nº 36 (feb. 2010) _wREV474 |
|
| 999 |
_c13253 _d13253 |
||